| 000 | 02063nam a2200301Ia 4500 | ||
|---|---|---|---|
| 999 |
_c55606 _d55606 |
||
| 001 | 22701 | ||
| 003 | GE_BSU | ||
| 005 | 20230421175226.0 | ||
| 008 | 181216s ||||ge |||||||||||||| ||geo|| | ||
| 020 | _a9789941091681:9789941091698 | ||
| 040 | _cGE_BSU | ||
| 080 | _a61(075.8) ს-26 | ||
| 100 |
_aსანიკიძე, თამარ _917741 |
||
| 245 |
_aსამედიცინო ფიზიკა და ბიოფიზიკა ტ. 2 : _b [სახელმძღვანელო] / _cთამარ სანიკიძე, რამინ ანთია ; მეორე გამოც. რედ. თამაზ მძინარიშვილი. |
||
| 250 | _aმე-2 გამოცემა | ||
| 264 |
_aთბილისი : _b[საქ. მეცნ. ეროვნული აკადემიის სტამბა], _c2016. |
||
| 300 |
_a355 გვ. : _bილ. ; _c29 სმ. |
||
| 500 | _aსახელმძღვანელო დაბეჭდილია "BME-ENA'' ბიოსამედიცინო განათლება ტემპუსის ინიციატივა აღმოსავლეთ პარტნიორ ქვეყნებისათვის | ||
| 520 | _aსახელმძღვანელო დაბეჭდილიაBME-ENA''ბიოსამედიცინო განათლება ტემპუსის ინიციატივა აღმოსავლეთ პარტნიორ ქვეყნებისათვის. | ||
| 541 | _h10ლ. | ||
| 653 | _aმედიცინა | ||
| 653 | _aსამედიცინო ფიზიკა და ბიოფიზიკა : ტ.2 | ||
| 653 | _aსამედიცინო ფიზიკა | ||
| 653 | _aბიოფიზიკა | ||
| 700 |
_aანთია, რამინ _eავტორი _93380 |
||
| 700 |
_aმძინარიშვილი, თამაზ _eრედაქტორი _917742 |
||
| 942 |
_cBK _2udc |
||